Лексико-семантичне поле "симпатія антипатія" (Запис № 284216)
[ простий вигляд ]
| 000 -LEADER | |
|---|---|
| fixed length control field | 01720nam a22001577a 4500 |
| 041 ## - LANGUAGE CODE | |
| Language code of text/sound track or separate title | ukr |
| 080 ## - UNIVERSAL DECIMAL CLASSIFICATION NUMBER | |
| Universal Decimal Classification number | 09 |
| 090 ## - LOCALLY ASSIGNED LC-TYPE CALL NUMBER (OCLC); LOCAL CALL NUMBER (OCLC) | |
| Local cutter number (OCLC) ; Book number/undivided call number, CALL (RLIN) | МАР |
| 100 ## - MAIN ENTRY--PERSONAL NAME | |
| Personal name | Маруха І.В. |
| 245 ## - TITLE STATEMENT | |
| Title | Лексико-семантичне поле "симпатія антипатія" |
| 260 ## - PUBLICATION, DISTRIBUTION, ETC. (IMPRINT) | |
| Place of publication, distribution, etc | Острог |
| Name of publisher, distributor, etc | КАФ |
| Date of publication, distribution, etc | 2010 |
| 300 ## - PHYSICAL DESCRIPTION | |
| Extent | 39 |
| 520 ## - SUMMARY, ETC. | |
| Summary, etc | ВСТУП<br/>РОЗДІЛ 1 ЛЕКСИКО-СЕМАНТИЧНЕ ПОЛЕ ЯК СКЛАДНА МОВНА СИСТЕМА<br/>1.1 Польовий принцип опису явищ мови.<br/>1.2 Дослідження лексико-семантичного поля.<br/>1.3 Основні властивості ЛСП та емотивність як лінгвістична категорія.<br/>РОЗДІЛ 2 ЛСП ЛЕКСИКО-СЕМАНТИЧНИХ ГРУП "СИМПАТІЯ-ЛЮБОВ" І "СИМПАТІЯ СПІВЧУТТЯ"<br/>2.1 Загальна характеристика поняття "симпатія".<br/>2.2 ЛСП поняттєвої категорії "симпатія любов".<br/>2.3 Лексико-семантична група "симпатія" зі значенням "співчуття".<br/>РОЗДІЛ 3 ЛСП ЛЕКСИКО-СЕМАНТИЧНИХ ГРУП "АНТИПАТІЯ НЕПРИЯЗНЬ" І "АНТИПАТІЯ АНТАГОНІЗМ"<br/>3.1 Антипатія як почуття емоційного неприйняття.<br/>3.2 Комплексне мікрополе "антипатія неприязнь".<br/>3.3 Лексико-семантична група "антипатія як антагонізм".<br/>ВИСНОВКИ |
| -- | лексико-семантичне поле, симпатія, антипатія |
| 650 ## - SUBJECT ADDED ENTRY--TOPICAL TERM | |
| Topical term or geographic name as entry element | Research Papers |
| 942 ## - ADDED ENTRY ELEMENTS (KOHA) | |
| Koha item type | Книги |
| Withdrawn status | Lost status | Source of classification or shelving scheme | Damaged status | Not for loan | Home library | Current library | Date acquired | Source of acquisition | Cost, normal purchase price | Total Checkouts | Full call number | Barcode | Date last seen | Price effective from | Koha item type |
|---|---|---|---|---|---|---|---|---|---|---|---|---|---|---|---|
| Universal Decimal Classification | ВІЛ - Відділ іноземн. літератури НБ | ВІЛ - Відділ іноземн. літератури НБ | 16/04/2009 | Акт №1 | 1.00 | 09 | 213868 | 20/12/2021 | 16/04/2009 | Книги |